[Event "DBMM 2015 (XV.)"]
[Site "München"]
[Date "2015.10.23"]
[Round "4.4"]
[White "Rohde, Dieter"]
[Black "Binnewies, Markus"]
[Result "0-1"]
[WhiteElo "1700"]
[BlackElo "1605"]
[PlyCount "94"]
[EventDate "2015.10.22"]
[EventCountry "GER"]
[WhiteTeam "Deutsches Patent- und Markenamt"]
[BlackTeam "imp GmbH Halle/Saale 1"]

1. e4 d5 2. exd5 Nf6 3. Nc3 Nxd5 4. Bc4 c6 5. Bxd5 cxd5 6. d4 e6 7. Nf3 a6 8.
O-O Nc6 9. Re1 Be7 10. Bf4 O-O 11. a3 b5 12. Ne5 Nxe5 13. Bxe5 f6 14. Bg3 Bd6
15. Bxd6 Qxd6 16. Ne2 Ra7 17. c3 Bd7 18. f4 Be8 19. Rf1 Re7 20. Qd2 Bf7 21.
Rae1 Qb6 22. Ng3 g6 23. Qf2 Qd6 24. Qe3 Rd8 25. Qd2 Kg7 26. Re2 h6 27. Rfe1 Bg8
28. Qe3 Kf7 29. Qf2 Bh7 30. Re3 a5 31. Nf1 b4 32. axb4 axb4 33. g3 Ra8 34. Qd2
bxc3 35. bxc3 g5 36. fxg5 hxg5 37. Qb2 Bf5 38. Ra1 Rea7 39. Rxa7+ Rxa7 40. Kg2
Qc7 41. Re1 Rb7 42. Qd2 Qb8 43. Kg1 Rb2 44. Qc1 Rc2 45. Qa1 Bh3 46. Ne3 Qb2 47.
Nxc2 Qxc2 0-1

[Event "DBMM 2015 (XV.)"]
[Site "München"]
[Date "2015.10.23"]
[Round "4.1"]
[White "Hähnle, Bernd"]
[Black "Hiltner, Karlpeter Dr"]
[Result "1/2-1/2"]
[WhiteElo "1959"]
[BlackElo "1805"]
[Annotator "Peter"]
[PlyCount "72"]
[EventDate "2015.10.22"]
[EventCountry "GER"]
[WhiteTeam "Kreissparkasse Heilbronn 1"]
[BlackTeam "Europäisches Patentamt Mü. 4"]

1. d4 d5 2. Nf3 c6 3. Bf4 Bf5 4. e3 Nd7 5. Bd3 Bg6 6. h4 Ndf6 7. Ne5 e6 8. Nxg6
hxg6 9. Nd2 Bd6 10. Bg5 Ne7 11. c3 Nh7 12. Bxe7 Qxe7 13. Qa4 f5 14. g4 Nf8 15.
gxf5 gxf5 16. Nf3 g6 17. O-O-O a6 18. Rdg1 Rh5 19. Ng5 b5 20. Qc2 c5 21. Be2
Rh6 22. Kb1 c4 23. Bf3 a5 24. Bg2 Qd7 25. e4 fxe4 26. f3 e3 27. Qe2 Bf4 28. Nh3
Qd6 29. Bf1 e5 30. dxe5 Qxe5 31. Nxf4 Qxf4 32. Rg4 Qe5 33. Rg5 Qe6 34. Bh3 Qe7
35. Rxd5 Rd8 36. Rxb5 Rxh4 {Rest nicht mehr konstruierbar} 1/2-1/2

[Event "DBMM 2015 (XV.)"]
[Site "München"]
[Date "2015.10.23"]
[Round "4.2"]
[White "Achermann, Didier"]
[Black "Kern, Hans-Joachim"]
[Result "1-0"]
[WhiteElo "1724"]
[BlackElo "1719"]
[PlyCount "118"]
[EventDate "2015.10.22"]
[EventCountry "GER"]
[WhiteTeam "Europäisches Patentamt Mü. 4"]
[BlackTeam "Kreissparkasse Heilbronn 1"]

1. e4 e5 2. Nf3 d6 3. d4 exd4 4. Nxd4 Nf6 5. Nc3 Be7 6. Be2 a6 7. a4 Bd7 8. Be3
Nc6 9. O-O O-O 10. f4 Nxd4 11. Bxd4 Bc6 12. Bf3 Nd7 13. Qd2 b5 14. axb5 axb5
15. Nd5 Re8 16. Qc3 Bxd5 17. exd5 Rxa1 18. Rxa1 Bf6 19. g3 Bxd4+ 20. Qxd4 Nb6
21. Kf2 Qe7 22. Qc3 Qd7 23. Bg2 h5 24. h3 f5 25. h4 Nc4 26. b3 Nb6 27. Ra7 Re7
28. Bf3 g6 29. Ra1 Qe8 30. Re1 Rxe1 31. Qxe1 Qxe1+ 32. Kxe1 b4 33. Kd2 Kf7 34.
Kd3 Ke7 35. Kd4 Kf6 36. Be2 Ke7 37. Bb5 Kd8 38. Bc6 Ke7 39. c3 bxc3 40. Kxc3
Kd8 41. Kb4 Nc8 42. Bb7 Ne7 43. Kc3 Ng8 44. Ba6 Nf6 45. Kd4 Ne4 46. Be2 Nxg3
47. Bf3 Nf1 48. Kd3 Nh2 49. Be2 Ng4 50. Kd4 Nf6 51. Bd3 Kc8 52. b4 Kb7 53. Bb5
Kc8 54. Ba4 Kd8 55. Bc6 Ke7 56. Bb7 Ne4 57. Bc8 Nd2 58. Ke3 Kf6 59. Kxd2 Ke7
1-0

[Event "DBMM 2015 (XV.)"]
[Site "München"]
[Date "2015.10.23"]
[Round "4.3"]
[White "Wolf, Wilfried"]
[Black "Lindemann, Thomas"]
[Result "1/2-1/2"]
[WhiteElo "1526"]
[BlackElo "1552"]
[PlyCount "44"]
[EventDate "2015.10.22"]
[EventCountry "GER"]
[WhiteTeam "Bezirksamt Berlin Tempelhof 1"]
[BlackTeam "Baubehörde Hamburg 2"]

1. e4 c5 2. Nf3 Nc6 3. d4 cxd4 4. Nxd4 e5 5. Nb3 Nf6 6. f3 b6 7. Be3 Bb7 8. c3
Qc7 9. N1d2 Rd8 10. Bd3 d5 11. exd5 Nxd5 12. Qe2 Bd6 13. Nc4 Nxe3 14. Nxe3 Be7
15. O-O O-O 16. Rfd1 Rfe8 17. Nf5 Bg5 18. Ng3 a5 19. a4 Ne7 20. Ne4 Bh6 21. Bb5
Bc6 22. Bxc6 Nxc6 1/2-1/2

[Event "DBMM 2015 (XV.)"]
[Site "München"]
[Date "2015.10.24"]
[Round "5.1"]
[White "GM Nikolic, Predrag"]
[Black "FM Schramm, Christian"]
[Result "1-0"]
[WhiteElo "2603"]
[BlackElo "2390"]
[PlyCount "85"]
[EventDate "2015.10.24"]
[EventRounds "7"]
[EventCountry "GER"]
[WhiteTeam "Europäisches Patentamt Mü. 1"]
[BlackTeam "Allianz Global Investors Ffm 1"]

1. Nf3 d5 2. g3 Bg4 3. Bg2 Nf6 4. O-O Nbd7 5. c4 e6 6. cxd5 exd5 7. d3 Bd6 8.
h3 Bxf3 9. Bxf3 O-O 10. Bg2 Re8 11. Nc3 c6 12. e4 dxe4 13. dxe4 Be5 14. Qc2 Nc5
15. Rd1 Qe7 16. Ne2 Bc7 17. f3 Nh5 18. Be3 Bb6 19. Bf2 f5 20. g4 fxg4 21. hxg4
Nf6 22. Ng3 g6 23. g5 Nfd7 24. Qc4+ Kf8 25. f4 Ne6 26. Rf1 Kg7 27. Bxb6 axb6
28. Bh3 Qc5+ 29. Qxc5 Ndxc5 30. b4 Ra3 31. Kh2 Nd3 32. Bxe6 Rxe6 33. Rf3 Re8
34. Kh3 Rf8 35. Raf1 c5 36. bxc5 bxc5 37. f5 b5 38. e5 gxf5 39. e6 f4 40. Nh5+
Kg6 41. Kh4 b4 42. e7 Re8 43. Rxd3 1-0

[Event "DBMM 2015 (XV.)"]
[Site "München"]
[Date "2015.10.24"]
[Round "5.2"]
[White "FM Guth, Thomas"]
[Black "Moufang, Rainer"]
[Result "1/2-1/2"]
[WhiteElo "2293"]
[BlackElo "2304"]
[PlyCount "74"]
[EventDate "2015.10.24"]
[EventRounds "7"]
[EventCountry "GER"]
[WhiteTeam "Allianz Global Investors Ffm 1"]
[BlackTeam "Europäisches Patentamt Mü. 1"]

1. e4 c6 2. d4 d5 3. exd5 cxd5 4. Bd3 Nc6 5. c3 Nf6 6. h3 e5 7. dxe5 Nxe5 8.
Nf3 Nxd3+ 9. Qxd3 Be7 10. O-O O-O 11. Nbd2 Be6 12. Nd4 Rc8 13. Re1 Bd7 14. a4
Re8 15. N2f3 Ne4 16. Nb5 a6 17. Nbd4 Bf6 18. Be3 Qc7 19. Ne2 Qc4 20. Qd1 a5 21.
Nf4 Bc6 22. Nh5 Bd8 23. Bd4 f6 24. Nd2 Nxd2 25. Qxd2 Rc7 26. Qf4 Rf7 27. Qg3
Bxa4 28. Rxe8+ Bxe8 29. Re1 Bd7 30. Qf3 Be7 31. Nxg7 Kxg7 32. Rxe7 Kf8 33.
Rxf7+ Kxf7 34. Qxf6+ Ke8 35. Qh8+ Ke7 36. Qf6+ Ke8 37. Qh8+ Ke7 1/2-1/2

[Event "DBMM 2015 (XV.)"]
[Site "München"]
[Date "2015.10.24"]
[Round "5.3"]
[White "Maric, Viktor"]
[Black "FM Wahedi, Ahmad Siar"]
[Result "0-1"]
[WhiteElo "2285"]
[BlackElo "2286"]
[PlyCount "72"]
[EventDate "2015.10.24"]
[EventRounds "7"]
[EventCountry "GER"]
[WhiteTeam "Europäisches Patentamt Mü. 1"]
[BlackTeam "Allianz Global Investors Ffm 1"]

1. e4 e6 2. d4 d5 3. e5 c5 4. c3 Nc6 5. Nf3 cxd4 6. cxd4 Nh6 7. Bd3 Nf5 8. Be3
Be7 9. O-O g5 10. g4 Nxe3 11. fxe3 O-O 12. Rf2 Nb4 13. Bf1 f6 14. a3 Nc6 15. b4
fxe5 16. dxe5 Qb6 17. Qd3 Rxf3 18. Rxf3 Nxe5 19. Qd1 Nxf3+ 20. Qxf3 Bd7 21. Bd3
Rf8 22. Qh3 Rf7 23. Nc3 Bf6 24. Rf1 Bxc3 25. Rxf7 Kxf7 26. Qxh7+ Ke8 27. Qg8+
Ke7 28. Qxg5+ Bf6 29. Qh6 Qc7 30. g5 Qc1+ 31. Kf2 Qd2+ 32. Kf3 Be5 33. Qh7+ Kd6
34. Qf7 Qxd3 35. Qf8+ Kc7 36. Qc5+ Kb8 0-1

[Event "DBMM 2015 (XV.)"]
[Site "München"]
[Date "2015.10.24"]
[Round "5.4"]
[White "Büscher, Henrik Dr"]
[Black "Heer, Stephan Dr"]
[Result "0-1"]
[WhiteElo "2112"]
[BlackElo "2127"]
[PlyCount "82"]
[EventDate "2015.10.24"]
[EventRounds "7"]
[EventCountry "GER"]
[WhiteTeam "Allianz Global Investors Ffm 1"]
[BlackTeam "Europäisches Patentamt Mü. 1"]

1. d4 Nf6 2. e3 g6 3. f4 d6 4. Nf3 Bg7 5. c3 a6 6. Bc4 O-O 7. O-O b5 8. Bb3 Bb7
9. Nbd2 c5 10. Qe1 Nbd7 11. Qh4 cxd4 12. exd4 Bd5 13. Bc2 Rc8 14. Bd3 Qb6 15.
Kh1 Qb7 16. Re1 e6 17. Qh3 Nb6 18. Ng5 h6 19. Nge4 Ne8 20. Nf3 f5 21. Nf2 Nf6
22. Nh4 Kh7 23. Kg1 Ne4 24. Nxe4 fxe4 25. Bb1 b4 26. Qe3 bxc3 27. bxc3 Na4 28.
Bd2 Qb2 29. Bxe4 Bxe4 30. Qxe4 Qxd2 31. Qxg6+ Kh8 32. Qxe6 Rfe8 33. Qxe8+ Rxe8
34. Rxe8+ Kh7 35. Rae1 Nxc3 36. Nf3 Qxf4 37. R8e7 d5 38. Rd7 Kg6 39. Re6+ Kf5
40. Rf7+ Kxe6 41. Rxf4 Ne2+ 0-1

[Event "DBMM 2015 (XV.)"]
[Site "München"]
[Date "2015.10.24"]
[Round "5.1"]
[White "IM Telljohann, Sven"]
[Black "IM Seger, Rüdiger"]
[Result "0-1"]
[WhiteElo "2404"]
[BlackElo "2364"]
[PlyCount "80"]
[EventDate "2015.10.24"]
[EventRounds "7"]
[EventCountry "GER"]
[WhiteTeam "DekaBank DGZ 1"]
[BlackTeam "Deutsche Post Bonn 1"]

1. Nf3 Nf6 2. g3 g6 3. Bg2 Bg7 4. O-O O-O 5. d4 d5 6. Nbd2 c6 7. e3 Bf5 8. h3
Ne4 9. Nb3 Nd6 10. g4 Be4 11. Nbd2 Bxf3 12. Nxf3 Nd7 13. Bd2 a5 14. a4 e5 15.
dxe5 Nxe5 16. Nxe5 Bxe5 17. Bc3 Bxc3 18. bxc3 Re8 19. Qd4 Qc7 20. Rab1 Re7 21.
Rfd1 Rae8 22. Qc5 Ne4 23. Bxe4 Rxe4 24. Rxd5 Rxe3 25. Rd3 Re2 26. Qa7 R8e7 27.
Rbd1 Qe5 28. Rf3 Qe4 29. Rdd3 Re1+ 30. Kg2 Re2 31. Qxa5 Rxf2+ 32. Kg3 Rxf3+ 33.
Rxf3 Qe1+ 34. Rf2 Qg1+ 35. Kf3 Qh1+ 36. Kf4 Re4+ 37. Kg3 Re3+ 38. Kf4 Qe4+ 39.
Kg5 Qe7+ 40. Kf4 h6 0-1

[Event "DBMM 2015 (XV.)"]
[Site "München"]
[Date "2015.10.24"]
[Round "5.2"]
[White "Gikas, Andreas Basili"]
[Black "Fulea, Dan Dr"]
[Result "1/2-1/2"]
[WhiteElo "2208"]
[BlackElo "2193"]
[PlyCount "70"]
[EventDate "2015.10.24"]
[EventRounds "7"]
[EventCountry "GER"]
[WhiteTeam "Deutsche Post Bonn 1"]
[BlackTeam "DekaBank DGZ 1"]

1. e4 c5 2. Nf3 e6 3. d4 cxd4 4. Nxd4 a6 5. Be2 Nf6 6. Nc3 Qc7 7. O-O Nc6 8.
Be3 Bb4 9. Na4 O-O 10. c4 Bd6 11. g3 Nxe4 12. Bf3 Nf6 13. Nxc6 dxc6 14. Nb6 Rb8
15. c5 Be7 16. Nc4 e5 17. Nxe5 Qxe5 18. Bf4 Qxc5 19. Bxb8 Bh3 20. Rc1 Qb6 21.
Re1 Bb4 22. Bd6 Rd8 23. Bxb4 Rxd1 24. Rcxd1 h5 25. Bc3 Bg4 26. Bxg4 hxg4 27.
Bxf6 gxf6 28. b3 Qa5 29. Re2 Kg7 30. Rd7 b5 31. Rd4 f5 32. Rd7 c5 33. Ree7 Kg6
34. Rd6+ Kg7 35. Rdd7 Kg6 1/2-1/2

[Event "DBMM 2015 (XV.)"]
[Site "München"]
[Date "2015.10.24"]
[Round "5.3"]
[White "Diehm, Alexander"]
[Black "Lunnebach, Oliver"]
[Result "1-0"]
[WhiteElo "2030"]
[BlackElo "2120"]
[PlyCount "117"]
[EventDate "2015.10.24"]
[EventRounds "7"]
[EventCountry "GER"]
[WhiteTeam "DekaBank DGZ 1"]
[BlackTeam "Deutsche Post Bonn 1"]

1. d4 d5 2. Nf3 c6 3. e3 Bf5 4. Bd3 Bxd3 5. cxd3 e6 6. O-O Nf6 7. Nc3 Be7 8.
Ne5 Nbd7 9. f4 Qc7 10. Bd2 O-O 11. Rf3 Rfe8 12. Rh3 Nf8 13. Rc1 N6d7 14. Qh5 g6
15. Qf3 f5 16. g4 Nxe5 17. fxe5 Qd7 18. Rf1 Bg5 19. Ne2 Qe7 20. a3 a5 21. Nf4
Red8 22. Rg3 Kh8 23. Kh1 Rd7 24. Rfg1 Bh4 25. R3g2 b6 26. g5 h6 27. Qh3 hxg5
28. Rxg5 Qh7 29. Rxg6 Nxg6 30. Nxg6+ Kg7 31. Qxh4 Qxh4 32. Nxh4+ Kf7 33. Nf3
Rh8 34. Rg3 Rh5 35. Kg2 Rd8 36. Be1 Rh6 37. Ng5+ Ke7 38. Rh3 Rdh8 39. Rxh6 Rxh6
40. h4 c5 41. dxc5 bxc5 42. Kg3 a4 43. Nh3 Rg6+ 44. Ng5 Rh6 45. e4 fxe4 46.
dxe4 Rh8 47. Bf2 d4 48. Kg4 Rb8 49. h5 Rxb2 50. Bh4 Rb8 51. h6 Rh8 52. Kh5 Kd7
53. Nf7 Rf8 54. h7 c4 55. Bf2 d3 56. Be1 Kc6 57. Bb4 Rb8 58. Kg5 Rxb4 59. h8=Q
1-0

[Event "DBMM 2015 (XV.)"]
[Site "München"]
[Date "2015.10.24"]
[Round "5.4"]
[White "Dehmel, Jens"]
[Black "Ortinau, Peter"]
[Result "1-0"]
[WhiteElo "2105"]
[BlackElo "2070"]
[Annotator "Peter"]
[PlyCount "79"]
[EventDate "2015.10.24"]
[EventRounds "7"]
[EventCountry "GER"]
[WhiteTeam "Allianz Global Investors Ffm 1"]
[BlackTeam "DekaBank DGZ 1"]

1. d4 d5 2. c4 e6 3. Nc3 c6 4. Nf3 dxc4 5. e3 b5 6. a4 Bb4 7. Bd2 a5 8. axb5
Bxc3 9. Bxc3 cxb5 10. b3 Bb7 11. bxc4 b4 12. Bb2 Nf6 13. Bd3 Nbd7 14. O-O O-O
15. Nd2 Qc7 16. Bc2 Nb6 17. c5 Nbd7 18. f4 Nd5 19. Rf3 Nc3 20. Bxc3 Bxf3 21.
Nxf3 bxc3 22. Qd3 g6 23. Qxc3 Rfb8 24. Ba4 Nf6 25. Ne5 Rb4 26. Qc2 Rab8 27. Bc6
Rb2 28. Qd3 Ng4 29. Nxg4 Qxc6 30. e4 R8b3 31. Qc4 Rb4 32. Qd3 R4b3 33. Qc4 Rb4
34. Qd3 h5 35. Ne5 Qb7 36. h3 R4b3 37. c6 Qb6 38. Qc4 Rb4 39. Qc5 Qxc5 40. dxc5
{Zeitüberschreitung} 1-0

[Event "DBMM 2015 (XV.)"]
[Site "München"]
[Date "2015.10.24"]
[Round "5.1"]
[White "Gottschalk, Jens"]
[Black "Segerberg, Tomas"]
[Result "1/2-1/2"]
[WhiteElo "2269"]
[BlackElo "2069"]
[PlyCount "74"]
[EventDate "2015.10.24"]
[EventRounds "7"]
[EventCountry "GER"]
[WhiteTeam "R+V Versicherungen Wiesbaden 1"]
[BlackTeam "Europäisches Patentamt Mü. 2"]

1. d4 e6 2. c4 Nf6 3. g3 c5 4. d5 exd5 5. cxd5 b5 6. a4 b4 7. Bg2 d6 8. Nd2
Nbd7 9. b3 Be7 10. Bb2 O-O 11. e4 Bb7 12. Ngf3 Re8 13. O-O Bf8 14. Re1 Rc8 15.
Qc2 Ba6 16. Bf1 Bxf1 17. Kxf1 Ng4 18. h3 Nge5 19. Nxe5 Nxe5 20. f4 Ng6 21. Nc4
Rc7 22. Re3 Ne7 23. Rd1 Nc8 24. a5 Qd7 25. Kg2 f6 26. Qd3 Qf7 27. e5 fxe5 28.
fxe5 dxe5 29. d6 e4 30. Rxe4 Rxe4 31. Qxe4 Nxd6 32. Rxd6 Bxd6 33. Nxd6 Re7 34.
Qa8+ Qf8 35. Qd5+ Kh8 36. Be5 h5 37. Nf5 Rf7 1/2-1/2

[Event "DBMM 2015 (XV.)"]
[Site "München"]
[Date "2015.10.24"]
[Round "5.3"]
[White "Werner, Gregor"]
[Black "Rabenstein, Winfried"]
[Result "1/2-1/2"]
[WhiteElo "2125"]
[BlackElo "2036"]
[PlyCount "80"]
[EventDate "2015.10.24"]
[EventRounds "7"]
[EventCountry "GER"]
[WhiteTeam "R+V Versicherungen Wiesbaden 1"]
[BlackTeam "Europäisches Patentamt Mü. 2"]

1. d4 f5 2. Nf3 e6 3. c4 Nf6 4. Nc3 Bb4 5. g3 b6 6. Bg2 Bb7 7. O-O O-O 8. Qb3
Bxc3 9. Qxc3 d6 10. b3 Qe7 11. Bb2 Nbd7 12. Rad1 Rae8 13. e3 Ne4 14. Qc2 Ng5
15. Nxg5 Bxg2 16. Kxg2 Qxg5 17. f4 Qg6 18. Rfe1 Nf6 19. Qf2 Ne4 20. Qf3 Rf7 21.
Re2 h5 22. Kh1 Qg4 23. Qg2 h4 24. gxh4 Qxh4 25. Rg1 d5 26. Qf3 Kh7 27. Bc1 Rg8
28. Bd2 g5 29. Be1 Qh6 30. fxg5 Rxg5 31. Rxg5 Nxg5 32. Qf4 Ne4 33. Qxh6+ Kxh6
34. Bg3 Nxg3+ 35. hxg3 Rh7 36. Rh2+ Kg6 37. Rxh7 Kxh7 38. Kg2 Kg6 39. cxd5 exd5
40. b4 c6 1/2-1/2

[Event "DBMM 2015 (XV.)"]
[Site "München"]
[Date "2015.10.24"]
[Round "5.1"]
[White "Choinowski, Gustav"]
[Black "FM Hoffmann, Hendrik"]
[Result "0-1"]
[WhiteElo "2064"]
[BlackElo "2198"]
[PlyCount "32"]
[EventDate "2015.10.24"]
[EventRounds "7"]
[EventCountry "GER"]
[WhiteTeam "SV Rapid Unilever Hamburg 1"]
[BlackTeam "le-tex Publishing Services L. 1"]

1. d4 d5 2. c4 dxc4 3. Nc3 e5 4. d5 Nf6 5. Bg5 Be7 6. Bxf6 Bxf6 7. e4 O-O 8.
Bxc4 c6 9. a4 cxd5 10. Bxd5 Nc6 11. Bxc6 bxc6 12. Qc2 Rb8 13. a5 Ba6 14. Qb1
Be7 15. Nge2 Bb4 16. Qa2 Rb5 0-1

[Event "DBMM 2015 (XV.)"]
[Site "München"]
[Date "2015.10.24"]
[Round "5.2"]
[White "Rohne, Lars"]
[Black "Neander, Swen"]
[Result "1-0"]
[WhiteElo "2145"]
[BlackElo "2001"]
[PlyCount "53"]
[EventDate "2015.10.24"]
[EventRounds "7"]
[EventCountry "GER"]
[WhiteTeam "le-tex Publishing Services L. 1"]
[BlackTeam "SV Rapid Unilever Hamburg 1"]

1. e4 e6 2. d4 d5 3. Nc3 Bb4 4. exd5 exd5 5. Bd3 Nc6 6. a3 Ba5 7. Nge2 Nge7 8.
O-O O-O 9. Nb1 Bf5 10. c3 Qd7 11. Ng3 Bg6 12. Bxg6 Nxg6 13. f4 f5 14. Nd2 Nce7
15. Nf3 Rad8 16. Ne5 Qc8 17. Nh1 c5 18. b4 cxb4 19. axb4 Bb6 20. Rf3 Nxe5 21.
fxe5 Qc7 22. Nf2 a5 23. bxa5 Bxa5 24. Ba3 b6 25. Qb3 Rfe8 26. Re1 Kh8 27. Nh3
1-0

[Event "DBMM 2015 (XV.)"]
[Site "München"]
[Date "2015.10.24"]
[Round "5.3"]
[White "Ristic, Sreten"]
[Black "Schreiter, Thomas"]
[Result "0-1"]
[WhiteElo "1901"]
[BlackElo "2043"]
[PlyCount "162"]
[EventDate "2015.10.24"]
[EventRounds "7"]
[EventCountry "GER"]
[WhiteTeam "SV Rapid Unilever Hamburg 1"]
[BlackTeam "le-tex Publishing Services L. 1"]

1. e4 e6 2. Nc3 d5 3. d3 Nf6 4. Qe2 Nc6 5. Nf3 Be7 6. h3 b6 7. g3 Bb7 8. Bg2 d4
9. Nd1 O-O 10. O-O a5 11. b3 a4 12. bxa4 Rxa4 13. Nb2 Ra7 14. Nc4 Qa8 15. Bb2
Bc5 16. Rfb1 Rd8 17. a4 Nb4 18. Ne1 Ne8 19. f4 Rxa4 20. Nd2 Rxa1 21. Rxa1 Qc8
22. Nb3 Na6 23. Nf3 Be7 24. Nbxd4 Bf6 25. e5 Be7 26. Kh2 c5 27. Nb3 Nec7 28.
Nbd2 Nb4 29. Nc4 Ncd5 30. c3 Nc6 31. h4 Qc7 32. Ncd2 Bf8 33. Ne4 Na5 34. Rd1
Ba6 35. Nfg5 h6 36. Nf3 Qd7 37. Nf2 Qc7 38. Bh3 Ne7 39. h5 g6 40. Nh4 g5 41.
Nf3 gxf4 42. gxf4 Nd5 43. Ne4 f5 44. exf6 Qxf4+ 45. Ng3 Nxf6 46. c4 Ng4+ 47.
Bxg4 Qxg4 48. Qe4 Qxe4 49. Nxe4 Bd6+ 50. Nxd6 Rxd6 51. Ne5 Nb3 52. Rg1+ Kf8 53.
Rg6 Nd4 54. Rxh6 Bb7 55. Kg3 Nf5+ 56. Kf4 Nxh6 57. d4 Rxd4+ 58. Bxd4 cxd4 59.
Nd7+ Ke7 60. Nxb6 Kd6 61. Na4 Bc6 62. Nb2 Be8 63. Kg5 Nf5 64. Nd3 Ba4 65. h6
Nxh6 66. Kxh6 e5 67. Kg5 Bc2 68. Nf2 Kc5 69. Ng4 d3 70. Ne3 Kd4 71. Nf1 Kxc4
72. Kf5 Kd4 73. Nd2 Bd1 74. Nf1 Bf3 75. Nd2 Bd5 76. Nf1 Be6+ 77. Kxe6 e4 78.
Kf5 e3 79. Kf4 e2 80. Nd2 Kc3 81. Nf3 d2 0-1

[Event "DBMM 2015 (XV.)"]
[Site "München"]
[Date "2015.10.24"]
[Round "5.4"]
[White "Hartmann, Uwe"]
[Black "Kazemi Sresht, Rahim"]
[Result "1/2-1/2"]
[WhiteElo "1964"]
[BlackElo "1524"]
[PlyCount "77"]
[EventDate "2015.10.24"]
[EventRounds "7"]
[EventCountry "GER"]
[WhiteTeam "le-tex Publishing Services L. 1"]
[BlackTeam "SV Rapid Unilever Hamburg 1"]

1. e4 c5 2. Nf3 e6 3. d4 cxd4 4. Nxd4 Nc6 5. Nc3 a6 6. Be2 Bc5 7. Nb3 Be7 8.
O-O Nf6 9. Be3 b5 10. a3 Bb7 11. Nc5 Bc8 12. Nd3 d6 13. f4 Qc7 14. Bf3 Bb7 15.
Qe2 e5 16. Qf2 Qd7 17. Qg3 exf4 18. Nxf4 Ne5 19. Ncd5 Bxd5 20. Nxd5 Nxd5 21.
exd5 Nxf3+ 22. Rxf3 Bf6 23. Re1 O-O-O 24. Bg5 Be5 25. Qf2 f6 26. Bc1 Qb7 27.
Rd3 Rd7 28. Qf5 Kb8 29. a4 g6 30. Qf2 Re8 31. Bf4 Rde7 32. Bxe5 fxe5 33. Rf1
Qa7 34. Qxa7+ Kxa7 35. Rdf3 Kb6 36. b4 Rc8 37. Rc1 Rc4 38. Kf2 Kc7 39. Ke3
1/2-1/2

[Event "DBMM 2015 (XV.)"]
[Site "München"]
[Date "2015.10.24"]
[Round "5.1"]
[White "Lotzien, Hans"]
[Black "Capris, Marius"]
[Result "1/2-1/2"]
[WhiteElo "2153"]
[BlackElo "1952"]
[PlyCount "138"]
[EventDate "2015.10.24"]
[EventRounds "7"]
[EventCountry "GER"]
[WhiteTeam "BM Ernährung Landwirtschaft Bonn"]
[BlackTeam "Fiducia IT 1"]

1. e4 e6 2. Qe2 c5 3. f4 d5 4. exd5 Qxd5 5. Nc3 Qd6 6. d3 Be7 7. Nf3 Nf6 8. Ne4
Qc7 9. g3 b6 10. b3 Bb7 11. Bg2 Nc6 12. Bb2 O-O-O 13. O-O-O Nd4 14. Nxd4 cxd4
15. Nxf6 Bxf6 16. Bxb7+ Qxb7 17. Rhe1 Rd5 18. Kb1 Kb8 19. Qe4 g6 20. Re2 Rc8
21. h4 h5 22. Rc1 Qa6 23. Qg2 Ra5 24. a4 b5 25. axb5 Rxb5 26. Re4 Rd5 27. Qf2
Qb6 28. Rce1 Qc5 29. R1e2 Rc6 30. Qe1 Ra6 31. Qf2 Qd6 32. Re1 Rda5 33. Re5 Bxe5
34. Rxe5 Rxe5 35. fxe5 Qxe5 36. Qxf7 Qxg3 37. Qf8+ Kb7 38. Qb4+ Rb6 39. Qxd4
Qc7 40. Qe4+ Rc6 41. Be5 Qe7 42. b4 a6 43. Kb2 Qf8 44. Kb3 Qf5 45. Qd4 Kc8 46.
c4 Qg4 47. Qe3 Qd1+ 48. Ka3 Qf1 49. Qe4 Kd7 50. Qxg6 Qf5 51. Qg7+ Ke8 52. Qg8+
Qf8 53. Qg6+ Qf7 54. Qe4 Rc8 55. c5 Qf5 56. Qd4 Rd8 57. Bd6 Kf7 58. Ka4 Qd5 59.
Qxd5 exd5 60. Ka5 Ra8 61. Kb6 Ke6 62. d4 Rg8 63. Kxa6 Rg4 64. Be5 Rxh4 65. b5
Rh1 66. b6 Kd7 67. b7 Ra1+ 68. Kb6 Rb1+ 69. Ka6 Ra1+ 1/2-1/2

[Event "DBMM 2015 (XV.)"]
[Site "München"]
[Date "2015.10.24"]
[Round "5.2"]
[White "Kühn, Patrick"]
[Black "Hemmann, Arnold"]
[Result "0-1"]
[WhiteElo "2206"]
[BlackElo "2180"]
[PlyCount "116"]
[EventDate "2015.10.24"]
[EventRounds "7"]
[EventCountry "GER"]
[WhiteTeam "Fiducia IT 1"]
[BlackTeam "BM Ernährung Landwirtschaft Bonn"]

1. e4 c5 2. Nf3 Nf6 3. d3 Nc6 4. g3 d6 5. Bg2 g6 6. O-O Bg7 7. h3 O-O 8. c3 Ne8
9. Na3 Rb8 10. d4 cxd4 11. cxd4 b5 12. Nc2 b4 13. b3 Nc7 14. Bb2 Nb5 15. Qd2
Qa5 16. Ne3 Ba6 17. Rfc1 Rfc8 18. Nd5 Qd8 19. Bf1 e6 20. Rxc6 Rxc6 21. Nxb4
Rcb6 22. Nxa6 Rxa6 23. a4 Nc7 24. Bxa6 Nxa6 25. Qd3 Nb4 26. Qc4 d5 27. exd5
exd5 28. Qe2 Qd7 29. Re1 Nc6 30. Qd3 Qxh3 31. Ba3 h6 32. Bc5 Qd7 33. Kg2 Qb7
34. Nd2 Qd7 35. Nf3 Qb7 36. Nd2 h5 37. Qf3 Bxd4 38. Qxd5 Bxc5 39. Qxc5 Ne5+ 40.
f3 Nd3 41. Qe3 Nxe1+ 42. Qxe1 Rc8 43. Qe3 Rc2 44. Kf1 Qa6+ 45. Ke1 Qa5 46. Qd4
Rc1+ 47. Ke2 Qa6+ 48. Kf2 Rd1 49. Qd8+ Kg7 50. Qd4+ Kh7 51. Qf4 Kg7 52. Qd4+
Qf6 53. Qe3 h4 54. gxh4 Qxh4+ 55. Kg2 Qh1+ 56. Kg3 Rg1+ 57. Kf4 Qh4+ 58. Ke5
Re1 0-1

[Event "DBMM 2015 (XV.)"]
[Site "München"]
[Date "2015.10.24"]
[Round "5.3"]
[White "Bröhl, Stephan"]
[Black "Hofbauer, Bernhard"]
[Result "0-1"]
[WhiteElo "2122"]
[BlackElo "1954"]
[PlyCount "62"]
[EventDate "2015.10.24"]
[EventRounds "7"]
[EventCountry "GER"]
[WhiteTeam "BM Ernährung Landwirtschaft Bonn"]
[BlackTeam "Fiducia IT 1"]

1. e4 e5 2. Nc3 Nf6 3. Bc4 Bc5 4. d3 d6 5. f4 Bg4 6. Nf3 Nc6 7. Na4 Bb6 8. Nxb6
axb6 9. O-O Na5 10. fxe5 Bxf3 11. Qxf3 dxe5 12. Qg3 Nxc4 13. Qxg7 Qd4+ 14. Kh1
O-O-O 15. Qxf6 Nd6 16. Qf2 Qxf2 17. Rxf2 Nxe4 18. Rxf7 Nd6 19. Rf1 e4 20. Bg5
Rde8 21. dxe4 Nxe4 22. Bf4 Rhf8 23. g3 Re6 24. Rae1 Rfe8 25. Kg2 b5 26. Re2 Ng5
27. Rxe6 Nxe6 28. c3 Nc5 29. Rf2 b4 30. cxb4 Nd3 31. Rc2 Ne1+ 0-1

[Event "DBMM 2015 (XV.)"]
[Site "München"]
[Date "2015.10.24"]
[Round "5.4"]
[White "Strasser, Josef"]
[Black "Müller-Boge, Michael"]
[Result "0-1"]
[WhiteElo "1881"]
[BlackElo "1987"]
[PlyCount "84"]
[EventDate "2015.10.24"]
[EventRounds "7"]
[EventCountry "GER"]
[WhiteTeam "Fiducia IT 1"]
[BlackTeam "BM Ernährung Landwirtschaft Bonn"]

1. e4 c5 2. Nf3 d6 3. Bb5+ Bd7 4. Bxd7+ Qxd7 5. O-O Nc6 6. c3 Nf6 7. Re1 e6 8.
d4 cxd4 9. cxd4 d5 10. e5 Ne4 11. Nbd2 Nxd2 12. Bxd2 Be7 13. Rc1 O-O 14. Qe2
Rac8 15. a3 Nb8 16. Rxc8 Rxc8 17. Rc1 Rxc1+ 18. Bxc1 Qa4 19. Qd3 Qc4 20. Qxc4
dxc4 21. Kf1 Nc6 22. Ke2 Bd8 23. Bd2 b5 24. Kd1 Bb6 25. Be3 f6 26. exf6 gxf6
27. Kc2 Kf7 28. b3 cxb3+ 29. Kxb3 Ke7 30. a4 bxa4+ 31. Kxa4 Kd6 32. Kb3 Kd5 33.
Kc3 a5 34. Kd3 a4 35. Kc3 Ba5+ 36. Kb2 Bb4 37. Kc2 Kc4 38. g4 Bc3 39. h4 a3 40.
Nd2+ Bxd2 41. Bxd2 Nxd4+ 42. Kb1 Kb3 0-1

[Event "DBMM 2015 (XV.)"]
[Site "München"]
[Date "2015.10.24"]
[Round "5.1"]
[White "Mooser, Stefan"]
[Black "Scharrer, Udo"]
[Result "1/2-1/2"]
[WhiteElo "2148"]
[BlackElo "1974"]
[PlyCount "55"]
[EventDate "2015.10.24"]
[EventRounds "7"]
[EventCountry "GER"]
[WhiteTeam "Flughafen München 1"]
[BlackTeam "SG Stern Stuttgart 1"]

1. Nf3 Nf6 2. d4 g6 3. g3 Bg7 4. Bg2 O-O 5. O-O d6 6. c4 Nc6 7. Nc3 a6 8. e4
Bg4 9. h3 Bxf3 10. Bxf3 e5 11. d5 Nd4 12. Bg2 c5 13. dxc6 bxc6 14. Bg5 h6 15.
Bxf6 Bxf6 16. b4 Qb6 17. Rb1 Bg7 18. c5 Qa7 19. Na4 Rfd8 20. Kh1 Rab8 21. a3 a5
22. cxd6 axb4 23. axb4 Rxd6 24. Nc5 Qa3 25. Ra1 Qc3 26. Rc1 Qa3 27. Ra1 Qc3 28.
Rc1 1/2-1/2